[Event "Madrid Vicalvaro op"]
[Site "Madrid"]
[Date "2022.06.12"]
[Round "6"]
[White "Mata Priego, Jose Maria"]
[Black "Caamano Jimenez, Luis"]
[Result "1-0"]
[WhiteElo "1466"]
[BlackElo "1664"]
[PlyCount "69"]
[EventDate "2022.05.08"]
[EventType "swiss"]
[EventRounds "7"]
[EventCountry "ESP"]
[SourceTitle "EXT 2024"]
[Source "ChessBase"]
[SourceDate "2023.10.10"]
[SourceVersion "1"]
[SourceVersionDate "2023.10.10"]
[SourceQuality "1"]

1. c4 e5 2. g3 Nf6 3. Bg2 c6 4. Nc3 d5 5. cxd5 cxd5 6. e3 Nc6 7. Nge2 Be7 8. 0-0 Bg4 9. h3 Be6 10. a3 0-0 11. d4 e4 12. Nf4 a6 13. b4 Nd7 14. Ncxd5 Bxd5 15. Nxd5 f5 16. Qb3 Kh8 17. Bb2 Bf6 18. Nf4 Qe7 19. Rfd1 g5 20. Ne6 Qf7 21. d5 Nce5 22. Nxf8 Rxf8 23. Rac1 Nf3+ 24. Bxf3 exf3 25. Bxf6+ Nxf6 26. Qc3 Qh5 27. Kh2 Kg8 28. Rh1 Ne4 29. Qc2 Rf6 30. Qc8+ Rf8 31. Qe6+ Kh8 32. Kg1 f4 33. Qxe4 fxg3 34. Qe5+ Kg8 35. Qxg3 1-0

[Event "Madrid Vicalvaro op"]
[Site "Madrid"]
[Date "2022.05.22"]
[Round "3"]
[White "Caamano Jimenez, Luis"]
[Black "Fiz Criado, Fidel"]
[Result "0-1"]
[WhiteElo "1664"]
[BlackElo "1851"]
[PlyCount "70"]
[EventDate "2022.05.08"]
[EventType "swiss"]
[EventRounds "7"]
[EventCountry "ESP"]
[SourceTitle "EXT 2024"]
[Source "ChessBase"]
[SourceDate "2023.10.10"]
[SourceVersion "1"]
[SourceVersionDate "2023.10.10"]
[SourceQuality "1"]

1. e4 e6 2. d3 d5 3. Nd2 c5 4. g3 Nc6 5. Bg2 d4 6. Ngf3 e5 7. 0-0 Nf6 8. Nc4 Bd6 9. h3 Bc7 10. a4 Be6 11. b3 0-0 12. Ba3 b6 13. Kh2 Ne8 14. Qe2 f6 15. Nh4 g6 16. Bc1 Nd6 17. f4 Nxc4 18. dxc4 exf4 19. Bxf4 Bxf4 20. gxf4 Qc7 21. Kh1 Rae8 22. Qf3 Nb4 23. Rac1 Na2 24. Ra1 Nc3 25. f5 gxf5 26. Nxf5 Bxf5 27. Qxf5 Re5 28. Qg4+ Rg5 29. Qe6+ Kg7 30. Rf5 Qg3 31. Rxg5+ fxg5 32. e5 Ne2 33. Bd5 Qf4 34. Qe7+ Kh8 35. Be4 Ng3+ 0-1

[Event "Madrid San Viator op-B 31st"]
[Site "Madrid"]
[Date "2019.10.27"]
[Round "7"]
[White "Rojo Jorge, Angel"]
[Black "Caamano Jimenez, Luis"]
[Result "0-1"]
[WhiteElo "1445"]
[BlackElo "1699"]
[PlyCount "120"]
[EventDate "2019.09.08"]
[EventType "swiss"]
[EventRounds "9"]
[EventCountry "ESP"]
[SourceTitle "EXT 2022"]
[Source "ChessBase"]
[SourceDate "2021.10.06"]
[SourceVersion "1"]
[SourceVersionDate "2021.10.06"]
[SourceQuality "1"]

1. e4 d6 2. d4 g6 3. Be3 Bg7 4. Nc3 Nd7 5. Be2 c6 6. Nf3 Ngf6 7. Qd2 b5 8. a3 Qa5 9. 0-0 Qc7 10. Bh6 0-0 11. h4 Re8 12. Bxg7 Kxg7 13. g3 a6 14. Kg2 e5 15. d5 cxd5 16. Nxd5 Nxd5 17. exd5 Bb7 18. h5 Nf6 19. Qg5 h6 20. Qd2 Bxd5 21. hxg6 fxg6 22. Rh1 Rh8 23. Kg1 Qc6 24. Qc3 Qxc3 25. bxc3 Rac8 26. c4 bxc4 27. Rd1 Rb8 28. Kh2 Rb2 29. Rc1 Kf7 30. Rhd1 Ke6 31. Nd2 Rc8 32. Nf1 Be4 33. Ne3 d5 34. Kg1 h5 35. Kf1 Rcb8 36. f3 Bf5 37. g4 hxg4 38. fxg4 Be4 39. g5 Nh5 40. Bg4+ Bf5 41. Nxf5 gxf5 42. Bxh5 Rh8 43. Bf3 e4 44. Bg2 f4 45. Kf2 f3 46. Rh1 Rxh1 47. Bxh1 Kf5 48. Ke3 Kxg5 49. Kd4 f2 50. Bg2 Kf4 51. Kc3 e3 52. Bf1 Rb8 53. Be2 Rg8 54. Rh1 Rg1 55. Rh4+ Kg3 56. Rh5 Re1 57. Rxd5 Rxe2 58. Rf5 Re1 59. Kxc4 f1Q+ 60. Rxf1 Rxf1 0-1

[Event "Madrid-ch Previa-A"]
[Site "Madrid"]
[Date "2019.02.20"]
[Round "9"]
[White "Martinez Miura, Enrique"]
[Black "Caamano Jimenez, Luis"]
[Result "1/2-1/2"]
[WhiteElo "1673"]
[BlackElo "1709"]
[PlyCount "65"]
[EventDate "2019.02.04"]
[EventType "swiss"]
[EventRounds "9"]
[EventCountry "ESP"]
[SourceTitle "EXT 2021"]
[Source "ChessBase"]
[SourceDate "2020.10.23"]
[SourceVersion "1"]
[SourceVersionDate "2020.10.23"]
[SourceQuality "1"]

1. e4 d6 2. d4 Nd7 3. c4 g6 4. Nf3 Bg7 5. Nc3 b6 6. Bd3 Bb7 7. 0-0 e5 8. d5 Nc5 9. Bc2 Ne7 10. Be3 0-0 11. b4 Nd7 12. Qc1 f5 13. Ng5 Qc8 14. Ne6 Rf6 15. Nxg7 Kxg7 16. Bh6+ Kh8 17. Bg5 Rf7 18. Bxe7 Rxe7 19. exf5 gxf5 20. Bxf5 Qg8 21. Ne4 Nf8 22. Qh6 Bc8 23. Bxc8 Rxc8 24. Nf6 Qf7 25. Ne4 Ng6 26. Ng5 Qf5 27. Ne6 Rg8 28. Rae1 Qd3 29. Re3 Qxc4 30. Rg3 Qxd5 31. Rxg6 Rxg6 32. Qf8+ Rg8 33. Qf6+ 1/2-1/2

[Event "Madrid-ch Previa-A"]
[Site "Madrid"]
[Date "2019.02.11"]
[Round "4"]
[White "Caamano Jimenez, Luis"]
[Black "Martinez Pascual, Gonzalo"]
[Result "1/2-1/2"]
[WhiteElo "1709"]
[BlackElo "1422"]
[PlyCount "104"]
[EventDate "2019.02.04"]
[EventType "swiss"]
[EventRounds "9"]
[EventCountry "ESP"]
[SourceTitle "EXT 2021"]
[Source "ChessBase"]
[SourceDate "2020.10.23"]
[SourceVersion "1"]
[SourceVersionDate "2020.10.23"]
[SourceQuality "1"]

1. c4 c5 2. Nc3 Nf6 3. g3 d5 4. Bg2 dxc4 5. Qa4+ Qd7 6. Qxc4 e6 7. Qb3 Nc6 8. Nf3 Rb8 9. d3 b6 10. 0-0 Bb7 11. Qd1 Be7 12. b3 0-0 13. Bb2 Nd4 14. Ne5 Qc7 15. Bxb7 Qxb7 16. e3 Nc6 17. Nxc6 Qxc6 18. Qc2 Rbd8 19. Ne2 Qf3 20. d4 Qh5 21. Nf4 Qh6 22. Kg2 Ng4 23. h3 Nf6 24. dxc5 Bxc5 25. Rad1 Qg5 26. Rxd8 Rxd8 27. Rd1 Nd5 28. Nxd5 Rxd5 29. h4 Qh5 30. Rxd5 Qxd5+ 31. Kg1 Qd6 32. Qe4 Qd5 33. Qxd5 exd5 34. Kf1 f6 35. Ke2 Kf7 36. Kd3 Ke6 37. g4 g6 38. Bc3 a5 39. f3 f5 40. Bg7 Be7 41. Bd4 Bd8 42. a4 Kd6 43. gxf5 gxf5 44. h5 Ke7 45. Ke2 Bc7 46. Kf2 Bd8 47. Ke2 Bc7 48. Kd3 Bd8 49. f4 Bc7 50. Kc3 Kd7 51. Bg7 Ke6 52. Kd4 Bd6 1/2-1/2

[Event "Madrid-ch Previa-A"]
[Site "Madrid"]
[Date "2014.02.17"]
[Round "7"]
[White "Hernandez Gutierrez, Jose"]
[Black "Caamano Jimenez, Luis"]
[Result "0-1"]
[WhiteElo "1852"]
[BlackElo "1772"]
[PlyCount "52"]
[EventDate "2014.02.03"]
[EventType "swiss"]
[EventRounds "9"]
[EventCountry "ESP"]
[SourceTitle "EXT 2015"]
[Source "ChessBase"]
[SourceDate "2014.11.20"]
[SourceVersion "1"]
[SourceVersionDate "2014.11.20"]
[SourceQuality "1"]

1. d4 d5 2. c4 c6 3. Nf3 Nf6 4. e3 Bf5 5. Nc3 e6 6. Nh4 Bg6 7. Qb3 Qc7 8. Be2 Be7 9. Bd2 Nbd7 10. Rc1 Rc8 11. Nxg6 hxg6 12. g3 Nb6 13. 0-0 Nxc4 14. Bxc4 dxc4 15. Qxc4 Ng4 16. h4 Bxh4 17. d5 Ne5 18. Qe2 a6 19. dxe6 fxe6 20. gxh4 Rxh4 21. f4 Ke7 22. Kg2 Rd8 23. fxe5 Qxe5 24. Rf4 Qg5+ 25. Kf3 Rh3+ 26. Ke4 Rd5 0-1

[Event "Madrid-ch Previa-A"]
[Site "Madrid"]
[Date "2014.02.12"]
[Round "6"]
[White "Caamano Jimenez, Luis"]
[Black "Quispe Arteaga, Gabriel"]
[Result "0-1"]
[WhiteElo "1772"]
[BlackElo "1556"]
[PlyCount "64"]
[EventDate "2014.02.03"]
[EventType "swiss"]
[EventRounds "9"]
[EventCountry "ESP"]
[SourceTitle "EXT 2015"]
[Source "ChessBase"]
[SourceDate "2014.11.20"]
[SourceVersion "1"]
[SourceVersionDate "2014.11.20"]
[SourceQuality "1"]

1. d4 d5 2. c4 e6 3. Nf3 Nf6 4. Nc3 Nc6 5. Bg5 Bb4 6. Qc2 h6 7. Bxf6 Qxf6 8. e3 Bd7 9. a3 Bxc3+ 10. Qxc3 0-0 11. Bd3 dxc4 12. Bxc4 Rac8 13. 0-0 Rfd8 14. Rad1 a6 15. b4 Ne7 16. Ne5 Ba4 17. Rc1 Ng6 18. f4 Nxe5 19. fxe5 Qe7 20. Rf2 Bc6 21. Rcf1 Rf8 22. Bxa6 Bxg2 23. Rxg2 bxa6 24. Qd3 Ra8 25. Rc1 Ra7 26. e4 f6 27. Qe3 Kh7 28. d5 Rb7 29. exf6 Qxf6 30. e5 Qf5 31. dxe6 Rb6 32. Rxc7 Qf1# 0-1

[Event "Madrid-ch Previa-A"]
[Site "Madrid"]
[Date "2014.02.11"]
[Round "5"]
[White "Jimenez Gonzalez, Marcos"]
[Black "Caamano Jimenez, Luis"]
[Result "1/2-1/2"]
[WhiteElo "1852"]
[BlackElo "1772"]
[PlyCount "51"]
[EventDate "2014.02.03"]
[EventType "swiss"]
[EventRounds "9"]
[EventCountry "ESP"]
[SourceTitle "EXT 2015"]
[Source "ChessBase"]
[SourceDate "2014.11.20"]
[SourceVersion "1"]
[SourceVersionDate "2014.11.20"]
[SourceQuality "1"]

1. c4 c5 2. g3 Nc6 3. Nc3 g6 4. Bg2 Bg7 5. Nf3 d6 6. 0-0 Nf6 7. d3 0-0 8. h3 a6 9. a3 Qc7 10. Rb1 Bd7 11. Be3 e6 12. Qd2 Rfe8 13. b4 b6 14. bxc5 bxc5 15. Bh6 Bh8 16. Be3 Rab8 17. Rxb8 Rxb8 18. Rb1 Rxb1+ 19. Nxb1 Qb8 20. Qc2 Bg7 21. Nbd2 e5 22. Qb3 Qxb3 23. Nxb3 a5 24. Bd2 a4 25. Na5 Nxa5 26. Bxa5 1/2-1/2